Nielen o dvoch krajských výstavách

Bibliographic Details
Main Author: Kozáček, Ivan, 1923-2015 (Author)
Format: Article
Language:Slovak
PhysicalDescription:Obr. 17.
Subjects:

MARC

LEADER 00000nab a2200000 a 4500
001 vtls000005689
003 SK-MaSNL
005 20260303230920.0
008 111103c1978 xo 0 slo
015 |a SNBRB19rr/mm-uuuuu 
035 |a CL0015782 
040 |a SNKBUCL  |b slo  |c SNKBUCL  |e AACR2 
041 0 |a slo 
044 |a xo  |c SK 
080 |a 77  |2 1981 
100 1 |a Kozáček, Ivan,  |d 1923-2015  |4 aut  |9 112066 
245 1 0 |a Nielen o dvoch krajských výstavách  |c Ivan Kozáček 
300 |b Obr. 17. 
650 0 7 |a amatérska fotografia  |2 SNKPH  |9 72795 
650 0 7 |a umelecké výstavy  |2 SNK  |9 89689 
655 7 |a články z novín a časopisov  |2 SNK  |9 267496 
773 0 |t Výtvarníctvo fotografia film  |g Roč. 16, č. 7 (1978), s. 155-157 
850 |a Slovenská národná knižnica v Martine  |a MTA001 
852 |a SNK  |b KIS3GCP 
958 |a RK 
992 |a RBX 
999 |c 2264321  |d 2266251